1530 1884 1665 1215 1124 1294 1871 1430 1272 1294 1859 1072 1937 1967 1351 1889 1753 1427 1724 1200 1300 1850 1894 1873 1518 1255 1784 1187 1964 1645 1907 1196 1305 1077 1266 1878 1773 1737 1007 1833 1776 1903 1416 1279 1243 1696 1458 1810 1516 1793 1164 1349 1398 1603 1695 1931 1524 1029 1922 1321 1232 1315 1909 1453 1010 1208 1916 1111 1643 1719 1150 1808 1482 1616 1145 1569 1954 1068 1007 1287 1767 1193 1052 1997 1019 1033 1364 1846 1679 1250 1398 1202 1703 1213 1792 1730 1995 1241 1227 BCNSPRNW ULIB Ver.6.0+V

เปลี่ยนเป็นภาษาไทย

Change to English
 แสดงรายละเอียดบรรณานุกรม
  กลับหน้าหลัก

Brief Record : Get Marc (ISO 2709) : E-mail record : QR code < ปิดหน้าต่าง
LEADER : 00000nam 2200000uu 4500
001    13399108720
003     ULIB
008    110314s2551||||th 000 0 tha d
020    9789744820747
060 04 QZ266^bส269ร 2551
100 0  สมภพ เรืองตระกูล
245 10 โรคมะเร็ง :^bอาการทางจิตเวชและการรักษา /^cสมภพ เรืองตระกูล
250    พิมพ์ครั้งที่ 1
260    กรุงเทพฯ :^bคณะแพทยศาสตร์ศิริราชพยาบาล มหาวิทยาลัยมหิดล,^c2551
300    349 หน้า ;^c21 ซม.
440  0 ตำราจิตเวชสำหรับแพทย์เวชศาสตร์ครอบครัว ;^vชุดที่ 14
650  7 มะเร็ง^xภาวะแทรกซ้อน
650  7 มะเร็ง^xผู้ป่วย^xการรักษา
650  7 จิตบำบัด
650  7 มะเร็ง^xแง่จิตวิทยา
650  7 จิตเวชศาสตร์^xผู้ป่วย
710 2  มหาวิทยาลัยมหิดล. ^bคณะแพทยศาสตร์ศิริราชพยาบาล
945    ^p420^l0^i023703
945    ^p420^l0^i023702
995    ทศพร
999 ^a ใช้งานได้ทุกระบบ
รายการนี้ยังไม่มีแท็ก
คุณยังไม่ได้ล็อกอิน คุณสามารถมีกิจกรรมร่วมกับเว็บไซต์ได้ แต่ต้องล็อกอินก่อน ::
  ล็อกอิน

รายการสื่อสารสนเทศ

ลำดับที่ ประเภท เลขเรียก/บาร์โค้ด สถานที่ สถานะ
- ไม่พบข้อมูล -

รายการใกล้เคียง
    ผู้แต่ง [สมภพ เรืองตระกูล]

    หัวเรื่อง [จิตบำบัด]

BibComment


ยังไม่เคยถูกคอมเมนท์

คอมเมนท์ทรัพยากรรายการนี้
  คอมเมนท์: โรคมะเร็ง อาการท..


 Copyright 2026. Bcnsprnw @Library